00361nam a2200145Ia 4500008004100000020001500041082001700056100001900073245003300092250000800125260002700133300001200160500002400172650001900196230524s9999 xx 000 0 und d a8188429139 a621.402bRAM aK.K.Ramalingam 0aThermodynamics for Engineers a1ST aCHENNAIbScitechc2003 aXIV;555 aQuantity Number: 5 aThermodynamics